00790nam a2200193 a 450000100100000000500170001000800410002704000250006808200170009324500850011026000500019530000300024550400740027565000540034965000460040304900090044995201210045899900170057900002280520200930021815.0101118s1945 sp b r 000 e spa d aDO-SdBNPbspacBNPHU a860.5bB265s00aSelección de juicios críticos acerca de las obras de Rodolfo Barón Castro. aMadrid, (España) :bEdiciones Atlas,c1945. a110 p. :bmaps. ;c18 cm. aIncluye referencias bibliográficas y notas al pie de las páginas. 4aLiteratura españolaxHistoria y crítica93904 4aLiteratura españolaxSiglo xviii946849 aBNGR 001054708MOaGRbGRcCTd2010-11-18iLF1l0o860.5 B265sp22805-10r2020-06-25w2020-06-25y4ZPréstamo en sala c22302d22302